| 000 | 00701nam a2200241 a 4500 | ||
|---|---|---|---|
| 999 |
_c2139 _d2139 |
||
| 001 | 2139 | ||
| 003 | BD-JhCC | ||
| 005 | 20171030170155.0 | ||
| 008 | 171030s2002 bg ||||| ||a| 00| 0 ben d | ||
| 020 | _a98440143879 | ||
| 035 | _a(BD-JhCC)2139 | ||
| 040 |
_aBD-JhCC _dBD-JhCC |
||
| 041 | _aben | ||
| 082 |
_a410 _bBAN 2002 |
||
| 245 |
_aবাঙলা ভাষা / _cহুমায়ুন আজাদ (সম্পা.) |
||
| 250 | _a2nd ed. | ||
| 260 |
_aঢাকা, _bআগামী প্রকাশনী, _c2002 |
||
| 300 |
_a743 p. _c20 cm. |
||
| 650 | _aCollection of Linguestic essay | ||
| 700 | _aহুমায়ুন, আজাদ | ||
| 942 |
_2ddc _cBK |
||